Collins International Primary Maths Workbook 4 / (Record no. 9457)
[ view plain ]
| 000 -LEADER | |
|---|---|
| fixed length control field | 01324nam a22002297a 4500 |
| 001 - CONTROL NUMBER | |
| control field | 9457 |
| 003 - CONTROL NUMBER IDENTIFIER | |
| control field | FISKH |
| 005 - DATE AND TIME OF LATEST TRANSACTION | |
| control field | 20260113094344.0 |
| 008 - FIXED-LENGTH DATA ELEMENTS--GENERAL INFORMATION | |
| fixed length control field | 260113b cb ||||| |||| 00| 0 eng d |
| 020 ## - INTERNATIONAL STANDARD BOOK NUMBER | |
| International Standard Book Number | 9780008159955 |
| 040 ## - CATALOGING SOURCE | |
| Original cataloging agency | FISKH |
| Language of cataloging | eng |
| Transcribing agency | FISKH |
| Modifying agency | FISKH |
| 082 ## - DEWEY DECIMAL CLASSIFICATION NUMBER | |
| Classification number | 510.76 |
| 100 ## - MAIN ENTRY--PERSONAL NAME | |
| Personal name | Wrangles , Paul |
| 245 ## - TITLE STATEMENT | |
| Title | Collins International Primary Maths Workbook 4 / |
| Statement of responsibility, etc. | By Paul Wrangles |
| 260 ## - PUBLICATION, DISTRIBUTION, ETC. | |
| Place of publication, distribution, etc. | Collins : |
| Name of publisher, distributor, etc. | London , |
| Date of publication, distribution, etc. | 2016 . |
| 300 ## - PHYSICAL DESCRIPTION | |
| Extent | 254 pages : |
| Other physical details | illustrations ; |
| Dimensions | 27 cm . |
| 490 ## - SERIES STATEMENT | |
| Series statement | Collins International Primary Maths |
| 520 ## - SUMMARY, ETC. | |
| Summary, etc. | Collins International Primary Maths supports best practice in primary maths teaching, whilst encouraging teacher professionalism and autonomy. A wealth of supporting digital assets are provided for every lesson, including slideshows, animations, tools and games to ensure they are rich, lively and engaging. Each Workbook page has three levels of challenge which allow learners to practise and consolidate their newly acquired knowledge, skills and understanding of the mathematics they are learning. Provides support as part of a set of resources for the Cambridge Primary curriculum framework from 2011. This title is endorsed by Cambridge Assessment International Education. |
| 700 ## - ADDED ENTRY--PERSONAL NAME | |
| Personal name | Clissold ,Caroline |
| Relator term | Author |
| 942 ## - ADDED ENTRY ELEMENTS (KOHA) | |
| Source of classification or shelving scheme | Dewey Decimal Classification |
| Koha item type | Books |
| Suppress in OPAC | No |
| Withdrawn status | Lost status | Source of classification or shelving scheme | Damaged status | Not for loan | Collection | Home library | Current library | Shelving location | Date acquired | Total Checkouts | Full call number | Barcode | Date last seen | Price effective from | Koha item type |
|---|---|---|---|---|---|---|---|---|---|---|---|---|---|---|---|
| Dewey Decimal Classification | Reference | Footprints International School Library Network Toul Tom Poung Campus | Footprints International School Library Network Toul Tom Poung Campus | Librarian's Shelf TTP | 01/13/2026 | WRA 510.76 | 2026-0024 | 01/13/2026 | 01/13/2026 | Books |
